00226nam a2200097Ia 4500008004100000041000800041245002100049260001600070500001700086650002500103220803s9999 xx 000 0 und d aeng aNational Gallery bUNESCO Pub. aArchitecture aArchitectural Design